Dolnośląskie miasta po jednej podpowiedzi - Statystyki

Ogólne statystyki
  • Ten quiz został rozwiązany 139 razy
  • Średni wynik to 9 z 15
Statystyki odpowiedzi
Podpowiedź Miasto % Poprawnych
Jest stolicą powiatu karkonoskiego Jelenia Góra
92%
Możemy tam znaleźć m.in. bardzo znaną twierdzę Kłodzko
82%
Lokalny klub piłkarski nosi nazwę Zagłębie Lubin
82%
Niemieckim odpowiednikiem tego miasta jest Görlitz Zgorzelec
78%
Rejestracje samochodowe z tego miasta to DJA Jawor
74%
Stamtąd możemy wyruszyć na podbój najwyższego szczytu Sudetów Karpacz
73%
Urodził się tu m.in. premier Mateusz Morawiecki Wrocław
64%
Słynie z bogatych złóż miedzi Legnica
58%
Kiedyś wydobywano tam węgiel kamienny, dziś kopalnia została przekształcona w muzeum Wałbrzych
52%
Jednym z najbardziej znanych zabytków tego miasta jest krzywa wieża Ząbkowice Śląskie
48%
Znajdują się tam znane stawy z hodowlą karpia Milicz
47%
Nazwa miasta pochodzi od drzewa olcha Oleśnica
47%
Słynie z pięknego rynku, zabytku na liście UNESCO i wysokiej katedry Świdnica
47%
Były 3 kościoły pokoju na Dolnym Śląsku. Ten, który znajdował się w tym mieście, spłonął Głogów
27%
Tamtejszy ratusz powstał w 1605 roku. Postawiony został wówczas na miejscu starych, drewnianych kramów kupieckich Trzebnica
20%
Nie znaleziono quizów pasujących do podanych kryteriów
Rozkład punktacji
Procent ludzi z każdym wynikiem
Percentyl według liczby udzielonych odpowiedzi
Twoja historia wyników
Nie rozwiązałeś tego quizu